Griechisches Alphabet - Statistiken

Allgemein
  • Dieses Quiz wurde 136 mal gespielt
  • Das Durchschnittsergebnis liegt bei 15 aus 24
Antwortstatistiken
Hint Antwort % Korrekt
1 Alpha
100%
2 Beta
100%
3 Gamma
98%
4 Delta
95%
24 Omega
87%
5 Epsilon
79%
21 Phi
69%
12 My
60%
11 Lambda
59%
16 Pi
59%
17 Rho
57%
13 Ny
53%
15 Omikron
53%
6 Zeta
53%
20 Ypsilon
52%
7 Eta
51%
23 Psi
49%
18 Sigma
49%
22 Chi
48%
10 Kappa
48%
8 Theta
44%
14 Xi
44%
9 Iota
41%
19 Tau
40%
Keine übereinstimmenden Quizze gefunden
Verteilung der Resultate
Anzahl Personen mit jedem Resultat
Perzentil nach korrekt beantworteten Fragen
Ihre Resultats-Entwicklung
Sie haben dieses Quiz noch nicht gespielt